[Event "EU-ch rapid"]
[Site "Warsaw"]
[Date "2013.12.15"]
[Round "9"]
[White "Marechal, Andy"]
[Black "Plonczak, Dominik"]
[Result "1/2-1/2"]
[WhiteElo "2356"]
[BlackElo "2216"]
[PlyCount "55"]
[EventDate "2013.12.14"]
[EventType "swiss (rapid)"]
[EventRounds "11"]
[EventCountry "POL"]
[SourceTitle "CBM 157 Extra"]
[Source "ChessBase"]
[SourceDate "2013.12.19"]
[SourceVersion "1"]
[SourceVersionDate "2013.12.19"]
[SourceQuality "1"]

1. e4 d5 2. exd5 Qxd5 3. Nc3 Qd6 4. d4 Nf6 5. Nf3 a6 6. g3 b5 7. Bg2 Bb7 8. 0-0 e6 9. Re1 Nbd7 10. a4 b4 11. Bf4 Qb6 12. a5 Qa7 13. Na4 Bd5 14. Ne5 Bxg2 15. Kxg2 Qb7+ 16. Qf3 Qxf3+ 17. Kxf3 Nd5 18. Bd2 Nxe5+ 19. dxe5 Be7 20. c4 bxc3 21. bxc3 0-0 22. Rab1 Rab8 23. Red1 Rfc8 24. Ke2 Kf8 25. Be1 Ke8 26. h4 h5 27. Bd2 g6 28. Be3 1/2-1/2

[Event "EU-ch blitz"]
[Site "Warsaw"]
[Date "2013.12.13"]
[Round "2.2"]
[White "Plonczak, Dominik"]
[Black "Dreev, Alexey"]
[Result "0-1"]
[WhiteElo "2216"]
[BlackElo "2673"]
[PlyCount "114"]
[EventDate "2013.12.13"]
[EventType "swiss (blitz)"]
[EventRounds "11"]
[EventCountry "POL"]
[SourceTitle "CBM 157 Extra"]
[Source "ChessBase"]
[SourceDate "2013.12.19"]
[SourceVersion "1"]
[SourceVersionDate "2013.12.19"]
[SourceQuality "1"]

1. Nf3 d5 2. g3 c6 3. Bg2 Bg4 4. 0-0 Nd7 5. d3 e5 6. c4 dxc4 7. dxc4 Ngf6 8. Qc2 h6 9. Rd1 Qc7 10. Nh4 Bc5 11. Nf5 0-0 12. Nc3 Rad8 13. Na4 Rfe8 14. Nxc5 Nxc5 15. Be3 Ne6 16. h3 Bxf5 17. Qxf5 Nd4 18. Bxd4 exd4 19. Bf3 Qb6 20. Rd2 Qb4 21. Qc2 a5 22. a3 Qc5 23. Rad1 Rd6 24. b4 axb4 25. axb4 Qxb4 26. Rxd4 Rxd4 27. Rxd4 Qc5 28. Rd2 Qb4 29. Kg2 g6 30. Rd1 Kg7 31. Rb1 Qe7 32. Qb2 Rb8 33. Bxc6 Qc5 34. Bd5 b5 35. Qb4 Qxb4 36. Rxb4 Nxd5 37. cxd5 Kf6 38. e4 Ke5 39. f4+ Kd6 40. Rb2 b4 41. Kf3 b3 42. Ke3 f5 43. exf5 gxf5 44. g4 Kxd5 45. gxf5 Kc4 46. f6 Re8+ 47. Kf3 Re6 48. Kg4 Rxf6 49. f5 Kc3 50. Rf2 b2 51. Rf3+ Kc4 52. Rf1 Rb6 53. Kh5 b1Q 54. Rxb1 Rxb1 55. Kxh6 Kd5 56. f6 Ke6 57. Kg5 Rg1+ 0-1

[Event "POL-chT2"]
[Site "Poronin"]
[Date "2013.09.14"]
[Round "8.91"]
[White "Kiedrowicz, Jan"]
[Black "Plonczak, Dominik"]
[Result "1-0"]
[WhiteElo "2312"]
[BlackElo "2193"]
[PlyCount "51"]
[EventDate "2013.09.06"]
[EventType "team-swiss"]
[EventRounds "9"]
[EventCountry "POL"]
[SourceTitle "EXT 2015"]
[Source "ChessBase"]
[SourceDate "2014.11.20"]
[SourceVersion "1"]
[SourceVersionDate "2014.11.20"]
[SourceQuality "1"]
[WhiteTeam "Chojnice UKS Osemka"]
[BlackTeam "Kornik MUKS Wieza Kornicka"]
[WhiteTeamCountry "POL"]
[BlackTeamCountry "POL"]

1. d4 d5 2. Nf3 Nf6 3. c4 c6 4. Nc3 a6 5. a4 Bg4 6. Qb3 Ra7 7. Ne5 Bf5 8. g3 e6 9. Bg2 Bd6 10. 0-0 0-0 11. Be3 Nbd7 12. f4 Ng4 13. Nxg4 Bxg4 14. Bf2 Nf6 15. e4 dxe4 16. Nxe4 Nxe4 17. Bxe4 Qe7 18. Kg2 Bb4 19. Qd3 g6 20. c5 Bf5 21. a5 Qd8 22. Bxf5 exf5 23. d5 Bxa5 24. d6 b6 25. Qa3 Bd2 26. Rad1 1-0

[Event "POL-chT2"]
[Site "Poronin"]
[Date "2013.09.10"]
[Round "4.85"]
[White "Bajerlein, Dawid"]
[Black "Plonczak, Dominik"]
[Result "0-1"]
[WhiteElo "2109"]
[BlackElo "2193"]
[PlyCount "84"]
[EventDate "2013.09.06"]
[EventType "team-swiss"]
[EventRounds "9"]
[EventCountry "POL"]
[SourceTitle "EXT 2015"]
[Source "ChessBase"]
[SourceDate "2014.11.20"]
[SourceVersion "1"]
[SourceVersionDate "2014.11.20"]
[SourceQuality "1"]
[WhiteTeam "Steszew Lipno"]
[BlackTeam "Kornik MUKS Wieza Kornicka"]
[WhiteTeamCountry "POL"]
[BlackTeamCountry "POL"]

1. Nf3 d5 2. g3 Nf6 3. Bg2 c6 4. 0-0 Bf5 5. d4 h6 6. c4 e6 7. cxd5 exd5 8. Nc3 Be7 9. Qb3 Qb6 10. Qxb6 axb6 11. Ne5 0-0 12. f3 b5 13. e4 dxe4 14. fxe4 Bh7 15. Re1 b4 16. Nd1 Rd8 17. d5 cxd5 18. exd5 b3 19. Nc3 bxa2 20. d6 Bxd6 21. Bxb7 Ra7 22. Bf3 Re7 23. Nd3 Bxd3 24. Rxe7 Bxe7 25. Rxa2 Nbd7 26. Bf4 g5 27. Bc7 Rc8 28. Ra8 Rxa8 29. Bxa8 Nc5 30. Be5 Nce4 31. Bxe4 Nxe4 32. Nd5 Bc5+ 33. Kg2 Bc4 34. Nf6+ Nxf6 35. Bxf6 Bd5+ 36. Kf1 g4 37. Bd8 Kg7 38. Bc7 Kg6 39. Bb8 Kf5 40. Bf4 h5 41. Bd2 Ke4 42. b4 Bd4 0-1

[Event "POL-chT 3rd League Wielkopolska 12/13"]
[Site "Poznan"]
[Date "2013.02.24"]
[Round "8.13"]
[White "Plonczak, Dominik"]
[Black "Staniszewski, Pawel"]
[Result "1-0"]
[WhiteElo "2181"]
[BlackElo "2163"]
[PlyCount "141"]
[EventDate "2012.11.25"]
[EventType "team-tourn"]
[EventRounds "11"]
[EventCountry "POL"]
[SourceTitle "EXT 2014"]
[Source "ChessBase"]
[SourceDate "2013.11.20"]
[SourceVersion "1"]
[SourceVersionDate "2013.11.20"]
[SourceQuality "1"]
[WhiteTeam "Kornik MUKS Wieza Kornicka"]
[BlackTeam "Poznan Politechnika II"]
[WhiteTeamCountry "POL"]
[BlackTeamCountry "POL"]

1. d4 d5 2. Nf3 Nf6 3. Bf4 e6 4. e3 c5 5. c3 Nbd7 6. Ne5 Be7 7. Nd2 0-0 8. Bd3 Nxe5 9. dxe5 Nd7 10. h4 f5 11. c4 d4 12. Nf3 Qa5+ 13. Kf1 dxe3 14. Bxe3 Rd8 15. Qe2 Nf8 16. Rg1 Bd7 17. g4 f4 18. Bxf4 Be8 19. h5 b5 20. Nd2 a6 21. Rg3 Ra7 22. Kg1 Bc6 23. Nb3 Qc7 24. Rc1 b4 25. Nd2 a5 26. Ne4 Bxe4 27. Bxe4 a4 28. Rd3 Rxd3 29. Qxd3 a3 30. b3 Qc8 31. Qf3 Rd7 32. Bc2 Qd8 33. Rd1 Rd4 34. Be3 Rxd1+ 35. Qxd1 Qxd1+ 36. Bxd1 Nd7 37. f4 h6 38. Kg2 Kf7 39. Bc2 Nb6 40. Kf3 Ke8 41. Ke4 Kd7 42. Bf2 Na8 43. Bd1 Nc7 44. Bf3 Na8 45. Kd3 Nb6 46. Be1 Kc7 47. Bd2 Nd7 48. Ke4 Nb6 49. Be2 Bf8 50. f5 Kd7 51. g5 hxg5 52. Bxg5 exf5+ 53. Kxf5 Na4 54. Bd2 Nc3 55. Bxc3 bxc3 56. Bd3 Ke7 57. Kf4 Ke6 58. Bf5+ Kf7 59. Ke3 Be7 60. Kd3 Bh4 61. Kxc3 Be1+ 62. Kd3 Ke7 63. Ke4 Bf2 64. Kd5 Be3 65. Bc2 Bf2 66. b4 cxb4 67. c5 Be3 68. Bb3 Bf2 69. Kc6 Bg3 70. e6 Kd8 71. Kb7 1-0

[Event "POL-chT 3rd League Wielkopolska 12/13"]
[Site "Poznan"]
[Date "2013.02.03"]
[Round "6.25"]
[White "Szadkowski, Kamil"]
[Black "Plonczak, Dominik"]
[Result "0-1"]
[WhiteElo "2200"]
[BlackElo "2181"]
[PlyCount "210"]
[EventDate "2012.11.25"]
[EventType "team-tourn"]
[EventRounds "11"]
[EventCountry "POL"]
[SourceTitle "EXT 2014"]
[Source "ChessBase"]
[SourceDate "2013.11.20"]
[SourceVersion "1"]
[SourceVersionDate "2013.11.20"]
[SourceQuality "1"]
[WhiteTeam "Konin UKS Smecz"]
[BlackTeam "Kornik MUKS Wieza Kornicka"]
[WhiteTeamCountry "POL"]
[BlackTeamCountry "POL"]

1. c4 e5 2. g3 d6 3. Bg2 f5 4. d4 Be7 5. Nc3 Nf6 6. Nf3 e4 7. Ng5 h6 8. Nh3 g5 9. f3 exf3 10. exf3 0-0 11. 0-0 c6 12. Re1 Re8 13. f4 g4 14. Nf2 Bf8 15. Rxe8 Qxe8 16. d5 c5 17. Bd2 Na6 18. a3 Bd7 19. Qb3 Qc8 20. Re1 Nc7 21. Qc2 Bg7 22. Bf1 Nh5 23. Kg2 Qf8 24. Be2 Bd4 25. Bd3 Ng7 26. Ne2 Bf6 27. h3 gxh3+ 28. Nxh3 Re8 29. Rh1 Qf7 30. Nhg1 Qg6 31. Nf3 Nh5 32. Rh3 Re7 33. Qc1 Ne8 34. b3 Neg7 35. Kf2 Qe8 36. Qb1 b5 37. Neg1 bxc4 38. bxc4 Qc8 39. Kg2 Be8 40. Nh4 Rb7 41. Qc1 Rb2 42. Kh1 Rb3 43. Qc2 Rxa3 44. Nxf5 Ba4 45. Nxh6+ Kf8 46. Qb1 Ra1 47. Bf5 Rxb1 48. Bxc8 Bd4 49. g4 Rxg1+ 50. Kh2 Rd1 51. Be3 Bxe3 52. Rxe3 Rd2+ 53. Kh3 Nxf4+ 54. Kg3 Ne2+ 55. Kh4 Nd4 56. Ra3 Bc2 57. Rxa7 Rh2+ 58. Kg5 Nf3+ 59. Kf4 Rxh6 60. Kxf3 Rf6+ 61. Kg3 Bd3 62. Ba6 Rg6 63. Kf4 Be2 64. Ra8+ Kf7 65. Ra7+ Kg8 66. Ra8+ Kh7 67. Bc8 Rf6+ 68. Kg5 Rg6+ 69. Kf4 Bxc4 70. Ra7 Rf6+ 71. Kg5 Rf8 72. Bf5+ Kg8 73. Kg6 Nxf5 74. gxf5 Rb8 75. Rd7 Bxd5 76. Rxd6 Bf7+ 77. Kf6 c4 78. Rc6 Rf8 79. Rc7 Ra8 80. Rc6 Rb8 81. Rc7 Rb6+ 82. Kg5 Rd6 83. Rc8+ Kg7 84. Rc7 Rh6 85. Kf4 Rb6 86. Kg5 Rb5 87. Rc8 Ra5 88. Rc7 Kf8 89. Kf6 Ra6+ 90. Ke5 Ke8 91. Kd4 Rd6+ 92. Ke5 Ra6 93. Kd4 Ra5 94. Ke4 Ra1 95. Ke5 Rd1 96. Ke4 Bd5+ 97. Ke5 Kd8 98. Rc5 Bf7 99. Kf6 Rd7 100. Rc6 Bd5 101. Rc5 Rd6+ 102. Kg7 Rd7+ 103. Kf6 Bg8 104. Ke5 Rd5+ 105. Rxd5+ Bxd5 0-1

[Event "POL-chT 2nd League"]
[Site "Lazy"]
[Date "2012.09.06"]
[Round "6"]
[White "Plonczak, Dominik"]
[Black "Rawicz, Karol"]
[Result "1/2-1/2"]
[WhiteElo "2169"]
[BlackElo "2250"]
[PlyCount "85"]
[EventDate "2012.09.01"]
[EventType "team-swiss"]
[EventRounds "9"]
[EventCountry "POL"]
[SourceTitle "EXT 2019"]
[Source "ChessBase"]
[SourceDate "2018.10.10"]
[SourceVersion "1"]
[SourceVersionDate "2018.10.10"]
[SourceQuality "1"]
[WhiteTeam "Kornik MUKS Wieza Kornicka"]
[BlackTeam "Przemysl MKS Polonia"]
[WhiteTeamCountry "POL"]
[BlackTeamCountry "POL"]

1. c4 Nf6 2. Nf3 c5 3. g3 b6 4. Bg2 Bb7 5. 0-0 g6 6. Nc3 Bg7 7. Re1 0-0 8. e4 Nc6 9. Rb1 d6 10. a3 Ng4 11. d3 Nge5 12. Nxe5 Nxe5 13. Ne2 Qd7 14. b4 Rac8 15. b5 f5 16. f4 Ng4 17. Qc2 e6 18. h3 Nf6 19. Bb2 Rce8 20. Kh2 e5 21. fxe5 dxe5 22. Nc3 f4 23. g4 h5 24. gxh5 Nxh5 25. Bf3 Bc8 26. Bg4 Qe7 27. Qf2 Bxg4 28. hxg4 Nf6 29. Qf3 Qe6 30. g5 Ng4+ 31. Kg2 Kf7 32. Nd5 Rh8 33. Rh1 Qd7 34. Bc3 Rh5 35. Rxh5 gxh5 36. Be1 Kg6 37. Bh4 Qd6 38. a4 Ra8 39. Rh1 Qd8 40. Qh3 Qd7 41. Bg3 Ne3+ 42. Nxe3 Qxh3+ 43. Rxh3 1/2-1/2

[Event "POL-chT 2nd League"]
[Site "Mrzezyno"]
[Date "2011.09.07"]
[Round "5"]
[White "Plonczak, Dominik"]
[Black "Drozdzynski, Daniel"]
[Result "1-0"]
[WhiteElo "2160"]
[BlackElo "2000"]
[PlyCount "45"]
[EventDate "2011.09.03"]
[EventType "team-swiss"]
[EventRounds "9"]
[EventCountry "POL"]
[SourceTitle "EXT 2015"]
[Source "ChessBase"]
[SourceDate "2014.11.20"]
[SourceVersion "1"]
[SourceVersionDate "2014.11.20"]
[SourceQuality "1"]
[WhiteTeam "Kornik MUKS Wieza Kornicka"]
[BlackTeam "Wolsztyn UKS Szach"]
[WhiteTeamCountry "POL"]
[BlackTeamCountry "POL"]

1. Nf3 d6 2. d4 Nf6 3. g3 g6 4. Bg2 Bg7 5. 0-0 0-0 6. c4 c5 7. Nc3 a6 8. dxc5 dxc5 9. Be3 Nbd7 10. h3 Qc7 11. Qb3 Rb8 12. Rfd1 b6 13. Nd5 Nxd5 14. cxd5 Ne5 15. Nd2 Bb7 16. Rac1 Nd7 17. Qc2 a5 18. Ne4 Rbd8 19. Bg5 Nf6 20. d6 Qd7 21. dxe7 Qxe7 22. Nxf6+ Kh8 23. Bxb7 1-0

[Event "Poznan op 19th"]
[Site "Poznan"]
[Date "2010.08.05"]
[Round "5"]
[White "Plonczak, Dominik"]
[Black "Magnucka, Arleta"]
[Result "0-1"]
[WhiteElo "2196"]
[BlackElo "1922"]
[PlyCount "78"]
[EventDate "2010.08.01"]
[EventType "swiss"]
[EventRounds "9"]
[EventCountry "POL"]
[SourceTitle "CBM 138 Extra"]
[Source "ChessBase"]
[SourceDate "2010.10.29"]
[SourceVersion "1"]
[SourceVersionDate "2010.10.29"]
[SourceQuality "1"]

1. Nf3 d6 2. d4 g6 3. g3 Bg7 4. Bg2 Nf6 5. 0-0 0-0 6. a4 c5 7. Nc3 Nc6 8. d5 Na5 9. e4 Bd7 10. Re1 a6 11. e5 Ng4 12. exd6 exd6 13. Ne4 Nc4 14. c3 Qc7 15. Bf1 Nge5 16. Nxe5 Nxe5 17. h3 b5 18. a5 h6 19. f4 Nc4 20. Bxc4 bxc4 21. Nd2 Bxh3 22. Nxc4 h5 23. Kh2 Bg4 24. Qa4 Bd7 25. Re7 Rad8 26. Nb6 Bxa4 27. Rxc7 Bb3 28. Bd2 Rfe8 29. Re1 Rxe1 30. Bxe1 Re8 31. Bf2 Re2 32. Kg1 Rxb2 33. Rc8+ Kh7 34. Rd8 Bxc3 35. Rxd6 Bd4 36. Bxd4 cxd4 37. Rc6 d3 38. Nc4 Bxc4 39. Rxc4 d2 0-1

[Event "Poznan op 19th"]
[Site "Poznan"]
[Date "2010.08.03"]
[Round "3"]
[White "Plonczak, Dominik"]
[Black "Wittig, Zenon"]
[Result "1-0"]
[WhiteElo "2196"]
[BlackElo "1677"]
[PlyCount "67"]
[EventDate "2010.08.01"]
[EventType "swiss"]
[EventRounds "9"]
[EventCountry "POL"]
[SourceTitle "CBM 138 Extra"]
[Source "ChessBase"]
[SourceDate "2010.10.29"]
[SourceVersion "1"]
[SourceVersionDate "2010.10.29"]
[SourceQuality "1"]

1. Nf3 d5 2. g3 g6 3. Bg2 Bg7 4. d4 c6 5. 0-0 Nf6 6. c4 dxc4 7. Ne5 Be6 8. Na3 Nbd7 9. Nexc4 0-0 10. e4 Nb6 11. Ne5 Nbd7 12. Nd3 Nb6 13. Nc5 Bc8 14. f4 Ne8 15. Nc2 Nc7 16. f5 Nb5 17. Nb3 e6 18. a4 Nd6 19. f6 Bxf6 20. e5 Bxe5 21. dxe5 Ndc4 22. Qe2 a5 23. Nc5 f6 24. Bh6 Nxe5 25. Bxf8 Qxf8 26. Ne4 f5 27. Ng5 Qc5+ 28. Kh1 h6 29. Nf3 Nxf3 30. Rxf3 Nd5 31. Ne1 Bd7 32. Nd3 Qd6 33. Ne5 Bc8 34. Nxg6 1-0

[Event "Poznan op-A 18th"]
[Site "Poznan"]
[Date "2009.07.25"]
[Round "9"]
[White "Duszczak, Dariusz"]
[Black "Plonczak, Dominik"]
[Result "1/2-1/2"]
[WhiteElo "2035"]
[BlackElo "2161"]
[PlyCount "37"]
[EventDate "2009.07.19"]
[EventType "swiss"]
[EventRounds "9"]
[EventCountry "POL"]
[SourceTitle "CBM 131 Extra"]
[Source "ChessBase"]
[SourceDate "2009.09.03"]
[SourceVersion "2"]
[SourceVersionDate "2009.09.16"]
[SourceQuality "1"]

1. e4 d6 2. d4 g6 3. Nc3 Bg7 4. Be3 Nf6 5. h3 0-0 6. Nge2 c6 7. g3 b5 8. a3 Nbd7 9. Bg2 Bb7 10. 0-0 a6 11. Kh1 Qc7 12. Qd2 Rfe8 13. Rad1 Nb6 14. Qc1 Rad8 15. Bh6 Bh8 16. Be3 Bg7 17. Bh6 Bh8 18. Be3 Bg7 19. Bh6 1/2-1/2

[Event "Poznan op-A 18th"]
[Site "Poznan"]
[Date "2009.07.22"]
[Round "4"]
[White "Szelag, Marcin"]
[Black "Plonczak, Dominik"]
[Result "1-0"]
[WhiteElo "2466"]
[BlackElo "2161"]
[PlyCount "49"]
[EventDate "2009.07.19"]
[EventType "swiss"]
[EventRounds "9"]
[EventCountry "POL"]
[SourceTitle "CBM 131 Extra"]
[Source "ChessBase"]
[SourceDate "2009.09.03"]
[SourceVersion "2"]
[SourceVersionDate "2009.09.16"]
[SourceQuality "1"]

1. e4 e5 2. Nf3 Nc6 3. Bb5 a6 4. Ba4 Nf6 5. 0-0 Be7 6. Re1 b5 7. Bb3 d6 8. c3 0-0 9. h3 Re8 10. d4 Bb7 11. Nbd2 Bf8 12. a4 h6 13. Bc2 exd4 14. cxd4 Nb4 15. Bb1 c5 16. d5 Nd7 17. Ra3 c4 18. Nd4 Qb6 19. Nf5 g6 20. Rg3 Kh7 21. Nf3 Nd3 22. Bxd3 cxd3 23. Qxd3 Nc5 24. Qd4 Qd8 25. Bxh6 1-0

[Event "POL-ch U18"]
[Site "Chotowa"]
[Date "2009.04.05"]
[Round "11"]
[White "Plonczak, Dominik"]
[Black "Janus, Przemyslaw"]
[Result "1/2-1/2"]
[WhiteElo "2148"]
[BlackElo "2054"]
[PlyCount "95"]
[EventDate "2009.03.28"]
[EventType "swiss"]
[EventRounds "11"]
[EventCountry "POL"]
[SourceTitle "EXT 2018"]
[Source "ChessBase"]
[SourceDate "2017.10.13"]
[SourceVersion "1"]
[SourceVersionDate "2017.10.13"]
[SourceQuality "1"]

1. Nf3 d5 2. g3 c5 3. Bg2 Nc6 4. d4 e6 5. 0-0 Nf6 6. c4 cxd4 7. Nxd4 Bc5 8. Nb3 Be7 9. cxd5 Nxd5 10. Bd2 Bf6 11. Nc3 Nxc3 12. Bxc3 Bxc3 13. bxc3 Qc7 14. Nd4 Nxd4 15. cxd4 Rb8 16. Rc1 Qb6 17. Qa4+ Bd7 18. Qa3 f6 19. Rb1 Qd8 20. Bxb7 a5 21. Bf3 Kf7 22. d5 Qc7 23. d6 Qa7 24. Qd3 g6 25. Rxb8 Rxb8 26. Rc1 Rc8 27. Rxc8 Bxc8 28. Qb5 Bd7 29. Bc6 Ke8 30. a4 Bxc6 31. Qxc6+ Qd7 32. Qa8+ Qd8 33. Qc6+ Qd7 34. Qb6 Qd8 35. Qb5+ Qd7 36. Qxa5 Qxd6 37. Qa8+ Kd7 38. a5 Qc7 39. f3 Qc6 40. Qa7+ Qc7 41. Qd4+ Ke7 42. a6 Qa5 43. Qa7+ Kd6 44. Kf1 e5 45. Qb8+ Ke6 46. a7 Qa1+ 47. Kg2 Qe1 48. Qb6+ 1/2-1/2

[Event "POL-ch U18"]
[Site "Chotowa"]
[Date "2009.04.03"]
[Round "9"]
[White "Lach, Piotr"]
[Black "Plonczak, Dominik"]
[Result "1/2-1/2"]
[WhiteElo "2115"]
[BlackElo "2148"]
[PlyCount "62"]
[EventDate "2009.03.28"]
[EventType "swiss"]
[EventRounds "11"]
[EventCountry "POL"]
[SourceTitle "EXT 2011"]
[Source "ChessBase"]
[SourceDate "2010.11.26"]
[SourceVersion "1"]
[SourceVersionDate "2010.11.26"]
[SourceQuality "1"]

1. e4 d6 2. d4 Nf6 3. Nc3 e5 4. Nf3 Nbd7 5. g4 Nxg4 6. Rg1 exd4 7. Nxd4 Ngf6 8. Be2 Nc5 9. Bf3 c6 10. Bf4 Ne6 11. Be3 g6 12. Qd2 Nxd4 13. Qxd4 Bg7 14. 0-0-0 0-0 15. Qxd6 Qxd6 16. Rxd6 Be6 17. Be2 Nd7 18. f4 Bh6 19. Bd2 Kh8 20. Kb1 Nb6 21. Bc1 Nc8 22. Rdd1 f5 23. e5 Nb6 24. Rd6 Rfe8 25. Bf3 Bf8 26. Rd3 Bc4 27. Rd2 Bb4 28. Rgd1 Be6 29. Rd3 Bc4 30. R3d2 Be6 31. Rd3 Bc4 1/2-1/2

[Event "POL-ch U18"]
[Site "Chotowa"]
[Date "2009.04.01"]
[Round "7"]
[White "Mucha, Roman"]
[Black "Plonczak, Dominik"]
[Result "1-0"]
[WhiteElo "2143"]
[BlackElo "2148"]
[PlyCount "79"]
[EventDate "2009.03.28"]
[EventType "swiss"]
[EventRounds "11"]
[EventCountry "POL"]
[SourceTitle "EXT 2011"]
[Source "ChessBase"]
[SourceDate "2010.11.26"]
[SourceVersion "1"]
[SourceVersionDate "2010.11.26"]
[SourceQuality "1"]

1. c4 c6 2. e4 e5 3. Nf3 d6 4. Nc3 Nf6 5. d4 Nbd7 6. g3 Be7 7. Bg2 0-0 8. 0-0 Re8 9. h3 Bf8 10. Qc2 Qc7 11. Be3 b6 12. d5 cxd5 13. cxd5 a5 14. Rfc1 Ba6 15. Nd2 Nc5 16. Bf1 Bxf1 17. Kxf1 Rec8 18. a4 Nfd7 19. b3 Na6 20. Nc4 Nb4 21. Qd2 Qd8 22. Nb5 Nc5 23. Bxc5 bxc5 24. Kg2 Ra6 25. Rf1 Qe7 26. Rae1 g6 27. f4 Bg7 28. Rf3 Rf8 29. f5 f6 30. fxg6 hxg6 31. Ref1 Kh7 32. Qf2 Kg8 33. g4 g5 34. h4 gxh4 35. Qxh4 Nc2 36. Rh3 Nd4 37. g5 f5 38. Nxd4 exd4 39. exf5 Re8 40. f6 1-0

[Event "POL-ch U18"]
[Site "Chotowa"]
[Date "2009.03.31"]
[Round "5"]
[White "Puczylowski, Marcin"]
[Black "Plonczak, Dominik"]
[Result "1/2-1/2"]
[WhiteElo "1993"]
[BlackElo "2148"]
[PlyCount "77"]
[EventDate "2009.03.28"]
[EventType "swiss"]
[EventRounds "11"]
[EventCountry "POL"]
[SourceTitle "EXT 2011"]
[Source "ChessBase"]
[SourceDate "2010.11.26"]
[SourceVersion "1"]
[SourceVersionDate "2010.11.26"]
[SourceQuality "1"]

1. e4 d6 2. d4 g6 3. Nc3 Bg7 4. f4 Nf6 5. Nf3 0-0 6. Bc4 c6 7. e5 dxe5 8. fxe5 Nd5 9. 0-0 a5 10. Ne4 b5 11. Be2 Na6 12. a3 Qb6 13. Kh1 Bf5 14. Ng3 Bg4 15. c3 Rad8 16. Qd3 Nac7 17. Qe4 Bxf3 18. Bxf3 f5 19. exf6 exf6 20. Qc2 f5 21. Bg5 Rde8 22. Rae1 h6 23. Bd2 Kh7 24. Ne2 c5 25. dxc5 Qxc5 26. Nf4 Nb6 27. h3 Nc4 28. Nd3 Qb6 29. Rxe8 Rxe8 30. Re1 Nxd2 31. Qxd2 Rd8 32. Qc2 Ne6 33. Ne5 Ng5 34. h4 Bxe5 35. hxg5 Qd6 36. Qe2 Bg7 37. gxh6 Kxh6 38. Rd1 Qxd1+ 39. Qxd1 1/2-1/2

[Event "POL-ch U18"]
[Site "Chotowa"]
[Date "2009.03.30"]
[Round "3"]
[White "Markowski, Piotr"]
[Black "Plonczak, Dominik"]
[Result "1/2-1/2"]
[WhiteElo "2149"]
[BlackElo "2148"]
[PlyCount "69"]
[EventDate "2009.03.28"]
[EventType "swiss"]
[EventRounds "11"]
[EventCountry "POL"]
[SourceTitle "EXT 2011"]
[Source "ChessBase"]
[SourceDate "2010.11.26"]
[SourceVersion "1"]
[SourceVersionDate "2010.11.26"]
[SourceQuality "1"]

1. c4 e5 2. Nc3 Nc6 3. g3 g6 4. Bg2 Bg7 5. e3 Nge7 6. Nge2 0-0 7. 0-0 d6 8. Rb1 a5 9. a3 Be6 10. Nd5 Qd7 11. b4 axb4 12. axb4 Nd8 13. Nec3 Nc8 14. e4 c6 15. Ne3 f5 16. exf5 gxf5 17. f4 Nb6 18. Qe2 d5 19. b5 Nxc4 20. bxc6 bxc6 21. Nxc4 dxc4 22. Bb2 Nf7 23. Kh1 e4 24. g4 Nd6 25. Rfe1 Rab8 26. Ba3 Rxb1 27. Rxb1 Re8 28. Bxd6 Qxd6 29. gxf5 Bxf5 30. Qxc4+ Kh8 31. Nxe4 Qd5 32. Qxd5 cxd5 33. Nd6 Bxb1 34. Nxe8 Bh6 35. Bxd5 1/2-1/2

[Event "POL-ch U18"]
[Site "Chotowa"]
[Date "2009.03.30"]
[Round "4"]
[White "Plonczak, Dominik"]
[Black "Kolosowski, Mateusz"]
[Result "1/2-1/2"]
[WhiteElo "2148"]
[BlackElo "2249"]
[PlyCount "62"]
[EventDate "2009.03.28"]
[EventType "swiss"]
[EventRounds "11"]
[EventCountry "POL"]
[SourceTitle "EXT 2011"]
[Source "ChessBase"]
[SourceDate "2010.11.26"]
[SourceVersion "1"]
[SourceVersionDate "2010.11.26"]
[SourceQuality "1"]

1. Nf3 Nf6 2. g3 d5 3. Bg2 c6 4. 0-0 Bg4 5. d4 g6 6. c4 Bg7 7. b3 0-0 8. Bb2 Qc8 9. Nbd2 Rd8 10. cxd5 Nxd5 11. Qc2 Na6 12. a3 Nb6 13. Rac1 Qd7 14. Rfd1 Rac8 15. b4 Qf5 16. Qxf5 Bxf5 17. Nb3 Na4 18. Ba1 Nc7 19. Na5 Rb8 20. Nc4 Nb5 21. e3 f6 22. Nfd2 Be6 23. Be4 Rd7 24. Bc2 Nb6 25. Bb3 Nxc4 26. Bxc4 Bxc4 27. Nxc4 Rbd8 28. Kf1 e5 29. a4 Nd6 30. Nxd6 Rxd6 31. Ke2 exd4 1/2-1/2

[Event "Polanica Zdroj op-A 44th"]
[Site "Polanica Zdroj"]
[Date "2008.08.28"]
[Round "10"]
[White "Plonczak, Dominik"]
[Black "Zakoscielna, Kinga"]
[Result "1-0"]
[WhiteElo "2162"]
[BlackElo "2125"]
[PlyCount "67"]
[EventDate "2008.08.19"]
[EventType "swiss"]
[EventRounds "10"]
[EventCountry "POL"]
[SourceTitle "CBM 126 Extra"]
[Source "ChessBase"]
[SourceDate "2008.11.05"]
[SourceVersion "1"]
[SourceVersionDate "2008.11.05"]
[SourceQuality "1"]

1. e4 c5 2. Nf3 Nc6 3. d4 cxd4 4. Nxd4 Qb6 5. Nb3 Nf6 6. Be3 Qc7 7. Bd3 d5 8. Nc3 dxe4 9. Nxe4 Ng4 10. Qe2 Nxe3 11. Qxe3 e5 12. Qg3 f5 13. Ng5 h6 14. Nh7 Rxh7 15. Qg6+ Qf7 16. Qxh7 Bd7 17. 0-0-0 0-0-0 18. Bb5 Re8 19. h4 a6 20. Be2 Be7 21. h5 Bg5+ 22. Kb1 Be6 23. Qg6 Qe7 24. Nc5 Bf6 25. Nxe6 Qxe6 26. Bc4 Qe7 27. Qxf5+ Kb8 28. Qd7 e4 29. Qxe7 Rxe7 30. Bd5 e3 31. fxe3 Rxe3 32. Bxc6 bxc6 33. Rhe1 Rg3 34. Rd7 1-0

[Event "Polanica Zdroj op-A 44th"]
[Site "Polanica Zdroj"]
[Date "2008.08.22"]
[Round "4"]
[White "Adamowicz, Katarzyna"]
[Black "Plonczak, Dominik"]
[Result "1-0"]
[WhiteElo "2063"]
[BlackElo "2162"]
[PlyCount "63"]
[EventDate "2008.08.19"]
[EventType "swiss"]
[EventRounds "10"]
[EventCountry "POL"]
[SourceTitle "CBM 126 Extra"]
[Source "ChessBase"]
[SourceDate "2008.11.05"]
[SourceVersion "1"]
[SourceVersionDate "2008.11.05"]
[SourceQuality "1"]

1. e4 e6 2. d4 d5 3. Nc3 a6 4. e5 c5 5. f4 cxd4 6. Qxd4 Nc6 7. Qd1 Bc5 8. Nf3 Nh6 9. Ng5 Nf5 10. Bd3 h6 11. Qh5 g6 12. Qh3 Nb4 13. Nf3 Nxd3+ 14. cxd3 Qb6 15. g3 Bf2+ 16. Ke2 Bd7 17. g4 Nd4+ 18. Nxd4 Bxd4 19. Bd2 0-0-0 20. Rab1 Kb8 21. Rhc1 h5 22. g5 Rc8 23. Nxd5 Qb5 24. Nc3 Bxc3 25. bxc3 Qa4 26. Rb2 Bc6 27. Qe3 Rhd8 28. c4 Rd7 29. Qb6 Bg2 30. Be3 Rc6 31. Qa7+ Kc8 32. Qa8+ 1-0